000 00810nam a2200229 i 4500
001 bg
100 1 _aSTĘPNIAK, Andrzej
245 1 0 _aMożliwość wykorzystania swobodnego transferu kapitału przez polskie firmy na obszarze Unii Europejskiej /
_cAndrzej Stępniak, Stanisław Umiński.
260 _aGdańsk :
_bWydaw. Uniwersytetu Gdańskiego,
_c1998.
300 _a205, [1] s. :
_brys., wykr. ;
_c24 cm.
504 _aBibliogr. s. 198-201.
650 9 _aInwestycje zagraniczne
_zEuropa
_yod 1989 r.
651 9 _aUnia Europejska
_xfinanse
_xpolityka
700 1 _aUMIŃSKI, Stanisław
020 _a8370177913
040 _cBPK
041 0 _apl
080 _a339.727(4-15)"1989/...":[339.923:061.1A/Z](4-67)
920 _a83-7017-791-3
942 _cKS
008 s pl f |000 0 pol
999 _c33297
_d33297
856 _uhttp://koha.tu.koszalin.pl/cgi-bin/koha/opac-detail.pl?biblionumber=33297
_yKatalog online BPK